<?xml version="1.0" encoding="UTF-8"?>
<record
    xmlns:xsi="http://www.w3.org/2001/XMLSchema-instance"
    xsi:schemaLocation="http://www.loc.gov/MARC21/slim http://www.loc.gov/standards/marcxml/schema/MARC21slim.xsd"
    xmlns="http://www.loc.gov/MARC21/slim">

  <leader>00814nam a2200145Ia 4500</leader>
  <controlfield tag="008">100204s9999    xx            000 0 und d</controlfield>
  <datafield tag="082" ind1=" " ind2=" ">
    <subfield code="b">7128</subfield>
  </datafield>
  <datafield tag="100" ind1=" " ind2=" ">
    <subfield code="a">&#x92C;&#x93E;&#x92A;&#x91F;   &#x92C;&#x93E;.    &#x917;./&#x915;&#x941;&#x932;&#x915;&#x930;&#x94D;&#x923;&#x940;</subfield>
  </datafield>
  <datafield tag="245" ind1=" " ind2=" ">
    <subfield code="a">&#x938;&#x92E;&#x91C;&#x947; &#x92A;&#x930;&#x94D;&#x92F;&#x902;&#x924; &#x91C;&#x93E;&#x926;&#x942; &#x935;&#x93E;&#x91F;&#x923;&#x93E;&#x930;&#x947; ' &#x935;&#x948;&#x926;&#x93F;&#x915; &#x917;&#x923;&#x93F;&#x924; ' &#x92D;&#x93E;&#x917; 4 ; &#x92C;&#x93F;&#x91C;&#x917;&#x928;&#x93F;&#x924;</subfield>
  </datafield>
  <datafield tag="260" ind1=" " ind2=" ">
    <subfield code="b">"&#x926;&#x93F;&#x932;&#x940;&#x92A;   &#x926;&#x924;&#x94D;&#x924;&#x93E;&#x924;&#x94D;&#x930;&#x92F;    &#x915;&#x941;&#x932;&#x915;&#x930;&#x94D;&#x923;&#x940; ,  &#x92A;&#x941;&#x923;&#x947;"</subfield>
    <subfield code="c">1985</subfield>
  </datafield>
  <datafield tag="300" ind1=" " ind2=" ">
    <subfield code="a">128</subfield>
  </datafield>
  <datafield tag="630" ind1=" " ind2=" ">
    <subfield code="a">&#x938;&#x92E;&#x91C;&#x947; &#x92A;&#x930;&#x94D;&#x92F;&#x902;&#x924; &#x91C;&#x93E;&#x926;&#x942; &#x935;&#x93E;&#x91F;&#x923;&#x93E;&#x930;&#x947; ' &#x935;&#x948;&#x926;&#x93F;&#x915; &#x917;&#x923;&#x93F;&#x924; ' &#x92D;&#x93E;&#x917; 4 ; &#x92C;&#x93F;&#x91C;&#x917;&#x928;&#x93F;&#x924;</subfield>
  </datafield>
  <datafield tag="730" ind1=" " ind2=" ">
    <subfield code="a">&#x938;&#x92E;&#x91C;&#x947; &#x92A;&#x930;&#x94D;&#x92F;&#x902;&#x924; &#x91C;&#x93E;&#x926;&#x942; &#x935;&#x93E;&#x91F;&#x923;&#x93E;&#x930;&#x947; ' &#x935;&#x948;&#x926;&#x93F;&#x915; &#x917;&#x923;&#x93F;&#x924; ' &#x92D;&#x93E;&#x917; 4 ; &#x92C;&#x93F;&#x91C;&#x917;&#x928;&#x93F;&#x924;</subfield>
  </datafield>
  <datafield tag="942" ind1=" " ind2=" ">
    <subfield code="c">BOOK</subfield>
  </datafield>
  <datafield tag="999" ind1=" " ind2=" ">
    <subfield code="c">451565</subfield>
    <subfield code="d">451562</subfield>
  </datafield>
  <datafield tag="952" ind1=" " ind2=" ">
    <subfield code="0">0</subfield>
    <subfield code="1">0</subfield>
    <subfield code="4">0</subfield>
    <subfield code="7">0</subfield>
    <subfield code="a">NCKMULUND</subfield>
    <subfield code="b">NCKMULUND</subfield>
    <subfield code="d">2010-02-04</subfield>
    <subfield code="g">10.00</subfield>
    <subfield code="l">0</subfield>
    <subfield code="o">7128</subfield>
    <subfield code="p">NCKMULUND-7128</subfield>
    <subfield code="r">2010-02-04 00:00:00</subfield>
    <subfield code="v">10.00</subfield>
    <subfield code="w">2010-02-04</subfield>
    <subfield code="y">BOOK</subfield>
  </datafield>
</record>
